Completa il testo! - Il cielo toccherò - Statistics

Statistiche generali
  • Questo quiz è stato fatto 36 volte
  • Il punteggio medio è 52 su 86
Statistiche sulle risposte
Testo % Corretto
I
100%
Il
95%
Il
95%
Il
95%
Il
95%
Il
95%
Il
95%
Il
95%
Il
95%
Il
95%
Il
95%
Di
89%
Di
89%
Di
89%
Più
89%
Più
89%
Mi
84%
Mi
84%
E
79%
È
79%
Che
74%
Che
74%
Che
74%
Alti
68%
Cielo
68%
Cielo
68%
Cielo
68%
Cielo
68%
Me
68%
Picchi
68%
68%
Sopra
68%
Toccherò
68%
Toccherò
68%
Toccherò
68%
Toccherò
68%
Tra
68%
Su
63%
Mille
58%
Mio
58%
Sole
58%
Vento
58%
Vento
58%
Chiama
53%
Ed
53%
Ed
53%
Ed
53%
Ed
53%
Io
53%
Io
53%
Io
53%
Sento
53%
Sogno
53%
Splende
53%
Un
53%
Antiche
47%
Asperità
47%
Attira
47%
Canto
47%
Come
47%
Ricordo
47%
Volerò
47%
Volerò
47%
Volerò
47%
Volerò
47%
Volerò
47%
Volerò
47%
Volerò
47%
Volerò
47%
Volerò
47%
Civiltà
42%
Seguendo
42%
Sempre
42%
Verso
42%
Forte
37%
Riflesso
37%
Si
37%
Specchia
37%
Correrò
32%
Correrò
32%
Ne
32%
Odo
32%
L'oceano
26%
Questo
26%
Sono
26%
Coglierò
21%
Nessun quiz corrispondente trovato
Distribuzione punteggi
Percentuale di utenti per punteggio
Percentile per numero di risposta
I tuoi punteggi nel tempo
Non hai fatto questo quiz